LEADER 02195njm a2200529 a 4500
001 000292679
003 CZ BrMZK
005 20230619094801.0
008 010907s1995 xr f cze d
028 0 3 |a SU 5020-4 811  |b Supraphon Records 
040 |a BOA001  |b cze 
072 7 |a 821-93  |x Literatura pro děti a mládež (beletrie)  |2 Konspekt  |9 26 
072 7 |a 821.162.3-3  |x Česká próza  |2 Konspekt  |9 25 
080 |a 821.162.3-34  |2 MRF 
080 |a (0:82-34)  |2 MRF 
080 |a (086.7.053.2)  |2 MRF 
080 |a (086.7)  |2 MRF 
245 0 0 |a Čertův švagr.  |b Prsten knížete Lucifera  |h [zvukový záznam] /  |c [Hana Richtrová] / [Pavel Grym]. 
260 |a Praha :  |b Supraphon Records,  |c p1995 
300 |a 1 MC :  |b stereo +  |e 1 slož. list. 
490 1 |a Pohádky pod polštář 
500 |a Nahr. neuv 
500 |a Durata neuv 
511 0 |a Účinkují: Ladislav Potměšil, Jiří Klem, Jiří Mikota ... [et al.]. 
655 7 |a české pohádky  |7 fd133970  |2 czenas 
655 4 |a lidové pohádky 
655 7 |a zvukové záznamy pro děti a mládež  |7 fd186726  |2 czenas 
655 7 |a zvukové kazety  |7 fd186720  |2 czenas 
700 1 |a Vosková, Eva,  |d 1950-  |7 xx0095310  |4 nrt 
700 1 |a Walterová, Jana,  |d 1942-  |7 xx0205328  |4 nrt 
700 1 |a Šrámek, Jiří,  |d 1920-2004  |7 jk01130985  |4 drt 
700 1 |a Grym, Pavel,  |d 1930-2004  |7 jk01032815  |4 aut 
700 1 |a Richtrová, Hana  |7 xx0144688  |4 aut 
700 1 |a Andresíková, Jana,  |d 1941-2020  |7 jn19990201005  |4 nrt 
700 1 |a Bubník, Gustav,  |d 1962-  |7 mzk2007417429  |4 nrt 
700 1 |a Dítě, Zdeněk,  |d 1920-2001  |7 jn20000400605  |4 nrt 
700 1 |a Kepka, Jaroslav,  |d 1935-2019  |7 jn20000710181  |4 nrt 
700 1 |a Klem, Jiří,  |d 1944-  |7 jn20000710194  |4 nrt 
700 1 |a Lír, Jiří,  |d 1923-1995  |7 jn19990209493  |4 nrt 
700 1 |a Mikota, Jiří,  |d 1919-2003  |7 xx0139860  |4 nrt 
700 1 |a Mikotová, Marie  |4 drt 
700 1 |a Potměšil, Ladislav,  |d 1945-2021  |7 ola2002140100  |4 nrt 
700 1 |a Satoranský, Jaroslav,  |d 1939-  |7 jn19990009977  |4 nrt 
830 0 |a Pohádky pod polštář 
910 |a BOA001  |b KZ-0003.602 
990 |a AV 
996 6 |b 261H003638  |c KZ-0003.602  |l MZK  |r Sklad / do 24 hodin  |n 0  |w 000292679  |u 000010  |a 1  |e BOA001  |j MZK50  |s P